000 00491nam a2200181Ia 4500
005 20250923144743.0
008 008 250917s9999 xx 000 0 eng d
037 _aTextual
040 _aDSWL
_beng
_cDSWL
041 _aeng
_2eng
084 _qDSWL
100 _aClegg, H.A.
_9828055
245 0 _aNew Approach to Industrial democracy
_cby H.A. Clegg
260 _aBasil
_bBasil Blackwell
_c1960
300 _aviii,140p.
942 _cTEXL
999 _c1442930
_d1442930